| 000 | 00848nam a2200121Ia 4500 | ||
|---|---|---|---|
| 008 | 220620s9999||||xx |||||||||||||| ||und|| | ||
| 245 | 0 |
_aRelational Anthropology for Contemporary Economics _bA Multidisciplinary Approach |
|
| 546 | _aEnglish[eng] | ||
| 650 | _aReasonable Compromise||Relational Anthropology for Contemporary Economics||Towards a Relational Anthropology Fostering||Economics of Human Flourishing||God’s Work in the World||The Deep Compatibility of Real Liberalism||Homo Amans in the Economy: A Utopia?||Homo Amans and Revolutionary Altruism||the Anthropological Foundations of Economic Practice||How to Change What Cannot be Changed||Open Access | ||
| 700 | _avan Nes, Jermo||Nullens, Patrick||van den Heuvel, Steven C. | ||
| 856 | _uhttps://library.oapen.org/bitstream/20.500.12657/53335/1/978-3-030-84690-9.pdf | ||
| 942 | _cEB | ||
| 999 |
_c26701 _d26701 |
||